Những quy định pháp luật về công tác thanh tra
Các quy định chung và qui định thanh tra trong một ngành, lĩnh vực như: thanh tra nhân dân, quốc phòng, Công an, Tài chính, Lao động, giao thông - vận tải, xây dựng, ngân hàng, bưu điện v.v...
Guardat en:
| Format: | Llibre |
|---|---|
| Idioma: | Undetermined |
| Publicat: |
Hà Nội
Chính trị Quốc gia
2000
|
| Matèries: | |
| Etiquetes: |
Afegir etiqueta
Sense etiquetes, Sigues el primer a etiquetar aquest registre!
|
| Thư viện lưu trữ: | Trung tâm Học liệu Trường Đại học Cần Thơ |
|---|
| LEADER | 00841nam a2200193Ia 4500 | ||
|---|---|---|---|
| 001 | CTU_39318 | ||
| 008 | 210402s9999 xx 000 0 und d | ||
| 020 | |c 39000 | ||
| 082 | |a 346.065 | ||
| 082 | |b Nh556 | ||
| 245 | 0 | |a Những quy định pháp luật về công tác thanh tra | |
| 260 | |a Hà Nội | ||
| 260 | |b Chính trị Quốc gia | ||
| 260 | |c 2000 | ||
| 520 | |a Các quy định chung và qui định thanh tra trong một ngành, lĩnh vực như: thanh tra nhân dân, quốc phòng, Công an, Tài chính, Lao động, giao thông - vận tải, xây dựng, ngân hàng, bưu điện v.v... | ||
| 650 | |a Public administration,Economics | ||
| 650 | |z Vietnam | ||
| 904 | |i Nguyễn Quang Điền, Nguyên sửa | ||
| 980 | |a Trung tâm Học liệu Trường Đại học Cần Thơ | ||